000 01431cam a2200133 4500500
005 20260322014806.0
041 _afre
042 _adc
100 1 0 _aAlbert, Jean-Marc
_eauthor
245 0 0 _aPetit atlas historique du Moyen Âge
260 _bArmand Colin,
_c2024.
520 _aCet atlas historique du Moyen Âge présente en 42 fiches dix siècles d’époque médiévale. De l’Antiquité tardive au Bas Moyen Âge, soit du Ve au XVe siècle, il aborde les grandes thématiques et les événements importants de la période. En s’ouvrant aux espaces lointains – Asie, Afrique, Amérique du Sud – il donne à voir et à comprendre la période médiévale dans toute sa diversité.S’appuyant sur un déroulé chronologique, l’ouvrage permet de dégager la trame générale des grandes phases de l’époque médiévale et montre les traits essentiels d’un événement, d’une aire de civilisation, d’un mécanisme économique ou d’un courant artistique.Un index des thèmes, des noms propres et des lieux facilite la compréhension de la période.Des pistes bibliographiques à la fin de chaque fiche permettent au lecteur d’approfondir les thèmes abordés.- Un ouvrage en deux couleurs- 40 cartes originales- des généalogies, des chronologies, des plans et des tableaux
856 4 1 _uhttps://shs.cairn.info/petit-atlas-historique-du-moyen-age--9782200639259?lang=fr&redirect-ssocas=7080
999 _c1791478
_d1791478